000 00394ntaaa2200169 4500
003 01
005 20251027201546.0
008 0714s1973 ag 01
040 _aAR-BaBN
_bspa
_cAR-BaBN
_eaacr
_dRIC
082 _a230.0000 B
100 _aBujanda, P. Jesús
_914274
245 _aManual de teología dogmática
250 _a1 ed.
260 _as.l.,
_cn.f.
650 _aTeología
942 _cBK
999 _c10215
_d10215